Journal of hospitality, leisure, sport & tourism education
| Autor Corporativo: | |
|---|---|
| Formato: | Electrónico Revista |
| Lenguaje: | inglés |
| Publicado: |
[Oxford, England] :
Hospitality, Leisure, Sport and Tourism Network
[Oxford, England] : Elsevier Ltd. |
| Materias: | |
| Acceso en línea: | Full text available from Research Library: 04/01/2008 to 10/31/2011 Full text available from Research Library: 06/01/2016 to present |
MARC
| LEADER | 00000nas a2200000 a 4500 | ||
|---|---|---|---|
| 001 | ssj0034436 | ||
| 003 | WaSeSS | ||
| 005 | 20200512172242.0 | ||
| 006 | m d | ||
| 007 | cr n | ||
| 008 | 100930c20029999enkfx p s | 0eng c | ||
| 010 | |a 2010256083 | ||
| 015 | |a GBB578825 |2 bnb | ||
| 016 | 7 | |a 017135609 |2 Uk | |
| 022 | |a 1473-8376 |l 1473-8376 | ||
| 035 | |a (WaSeSS)ssj0034436 | ||
| 040 | |a RBN |b eng |c RBN |d OCLCQ |d BUF |d OCLCQ |d DLC |d OCLCO |d OCLCQ |d SERSO |d NLE |d OCLCF |d UKMGB |d VT2 |d WaSeSS | ||
| 042 | |a pcc | ||
| 050 | 1 | 4 | |a TX901 |
| 245 | 0 | 0 | |a Journal of hospitality, leisure, sport & tourism education |h [electronic resource]. |
| 246 | 3 | |a JoHLSTE | |
| 246 | 3 | |a Journal of hospitality, leisure, sport and tourism education | |
| 260 | |3 2002-2011 : |a [Oxford, England] : |b Hospitality, Leisure, Sport and Tourism Network | ||
| 260 | 3 | |3 2012- : |a [Oxford, England] : |b Elsevier Ltd. | |
| 310 | |a Twice a year | ||
| 362 | 1 | |a Began with vol. 1, no. 1 (Apr. 2002). | |
| 506 | |a License restrictions may limit access. | ||
| 588 | |a Description based on: Vol. 1, no. 1 (Apr. 2002); title from caption on editorial page, viewed Sept. 30, 2010. | ||
| 588 | |a Latest issue consulted: Vol. 11, no. 2 (July 2012) (ScienceDirect, viewed Sept. 17, 2012). | ||
| 650 | 0 | |a Hospitality industry |x Study and teaching |v Periodicals. | |
| 650 | 0 | |a Leisure industry |x Study and teaching |v Periodicals. | |
| 650 | 0 | |a Recreation industry |x Study and teaching |v Periodicals. | |
| 650 | 0 | |a Tourism |x Study and teaching |v Periodicals. | |
| 650 | 7 | |a Hospitality industry |x Study and teaching. |2 fast |0 (OCoLC)fst00961160 | |
| 650 | 7 | |a Leisure industry |x Study and teaching. |2 fast |0 (OCoLC)fst00996072 | |
| 650 | 7 | |a Tourism |x Study and teaching. |2 fast |0 (OCoLC)fst01153208 | |
| 655 | 0 | |a Electronic journals. | |
| 710 | 2 | |a Higher Education Academy (Great Britain). |b Hospitality, Leisure, Sport and Tourism Network. | |
| 776 | 0 | 8 | |i Print version: |t Journal of hospitality, leisure, sport & tourism education |w (DLC) 2015207234 |w (OCoLC)885827490 |
| 856 | 4 | 0 | |z Full text available from Research Library: 04/01/2008 to 10/31/2011 |u https://search.proquest.com/publication/40023 |
| 856 | 4 | 0 | |z Full text available from Research Library: 06/01/2016 to present |u https://search.proquest.com/publication/2031003 |